000 00590cam a22002411 4500
001 sa 64006814
003 DLC
005 20260227112042.0
008 950117s1962 ii 000 0 tamo
010 _asa 64006814
025 _aPL480:I-T-549
035 _a(OCoLC)31829422
040 _aDLC
_cCU
_dCU
_dDLC
042 _apremarc
050 0 0 _aPL4758.6
_b.P8
245 0 0 _aPutukkuralkaḷ.
260 _c[1962]
300 _aviii, 99 p.
_c20 cm.
500 _aEdited by C. S. Chellappa.
500 _aIn Tamil.
650 0 _aTamil poetry.
700 1 _aCellappā, Ci. Cu.,
_d1912-
999 _c59892
_d59892